00904nam a2200241Ia 450000100060000000300090000600800410001504000130005604000130006904100130008210000150009510000290011024500480013924501150018725000110030226000100031326000340032326000490035730000590040650001310046565000350059665000310063138963IT-RoPAU130308s9999 xx 000 0 und d aIT-RoPAU cIT-RoPAU aFRANCESE aMear Annie gCodice Aut. SPICS: 17716 aAgora electronique (L'): mythes et realites bCommunication (La)-Symposium de l'association de Psychologie Scientifique de Langue Francaise (Montreal, 1983) a1a ed. aPARIS bPresses Universitaires France c1985 [1° Ed.:1985 - Ed.Ling.Originale:1983] a"20 p. (prefazione: no ; testo: 20 [pagine: 311-330])" aTecniche della Comunicazione Miti e Realtà Impatti Sociali delle nuove reti di Comunicazione Pericoli dell'Informatizzazione aSAGGI DI COMUNICAZIONE SOCIALE eCodice materia Spics: 3807